• 首页
  • 本馆介绍
  • 公告通知
  • 最新文献
  • 馆藏检索
  • 电子资源
  • 读者导购
  • 参考咨询
  • 我的图书馆
  • 登录
  • 详细信息显示
  • 放入我的书架
  • 预约/预借图书
  • 作者相关作品
  • 分类相关作品
  • 丛书相关作品
  • 出版社相关作品

书目信息

  • 表格格式
  • 工作单格式
  • 卡片格式
题名:
航空橡胶与密封材料
    
 
作者: 刘嘉 , 苏正涛 , 栗付平 著
分册:  
出版信息: 北京   国防工业出版社  2011.05
页数: 15,463页
开本: 23cm
丛书名: 先进航空材料与技术丛书
单 册:
中图分类: V25
科图分类:
主题词: 航空材料--橡胶复合材料 , 航空材料--密封材料 , 航空材料 , 橡胶复合材料 , 密封材料
电子资源:
ISBN: 978-7-118-07438-3
000 01310oam2 2200349 450
001 010000013832
005 20140611151022.54
010    @a978-7-118-07438-3@dCNY68.00
100    @a20120313d2011 em y0chiy0110 ea
101 0  @achi
102    @aCN@b110000
105    @ay z 000yy
106    @ar
200 1  @a航空橡胶与密封材料@9hang kong xiang jiao yu mi feng cai liao@f刘嘉,苏正涛,栗付平著
210    @a北京@c国防工业出版社@d2011.05
215    @a15,463页@d23cm
225 1  @a先进航空材料与技术丛书
300    @a“十二五”国家重点出版规划精品项目 国家出版基金项目
312    @a封面英文题名:Aeronautical rubber and sealing materials
330    @a本书分两篇:第1篇为橡胶材料,第2篇为密封剂。第1篇详述了橡胶材料的化学结构、基本特性、混炼胶制备工艺和硫化胶物理力学性能以及应用范围;第2篇介绍了基体材料的化学结构和特性、密封剂制备工艺以及应用过程中出现的问题和解决方法。
510 1  @aAeronautical rubber and sealing materials@zeng
606 0  @a航空材料@x橡胶复合材料
606 0  @a航空材料@x密封材料
606 0  @a航空材料
606 0  @a橡胶复合材料
606 0  @a密封材料
690    @aV25@v5
701  0 @a刘嘉@9liu jia@4著
701  0 @a苏正涛@9su zheng tao@f(1970~)@4著
701  0 @a栗付平@9li fu ping@f(1966~)@4著
801  0 @aCN@bNLC@c20120413
905    @b548938-40@dV25@e40@f3
    
    航空橡胶与密封材料/刘嘉,苏正涛,栗付平著.-北京:国防工业出版社,2011.05
    15,463页;23cm.-(先进航空材料与技术丛书)
    “十二五”国家重点出版规划精品项目 国家出版基金项目
    
    ISBN 978-7-118-07438-3:CNY68.00
    本书分两篇:第1篇为橡胶材料,第2篇为密封剂。第1篇详述了橡胶材料的化学结构、基本特性、混炼胶制备工艺和硫化胶物理力学性能以及应用范围;第2篇介绍了基体材料的化学结构和特性、密封剂制备工艺以及应用过程中出现的问题和解决方法。
●
相关链接 在E读中查询图书 在五车中查询图书 在当当中查询图书 在豆瓣中查询图书


正题名:航空橡胶与密封材料     索取号:V25/40         预约/预借

序号 登录号 条形码 馆藏地/架位号 状态 备注
1 548938   205489381   第二样本阅览室/ [索取号:V25/40] 在馆    
2 548939   205489390   第三借阅区/ [索取号:V25/40] 在馆    
3 548940   205489407   密集书库-化学系/ [索取号:V25/40] 在馆    
唐山师范学院图书馆 欢迎您!
大连网信软件有限公司© 版权所有